[Event "Figueres Nadal op 7th"]
[Site "Figueres"]
[Date "2017.12.28"]
[Round "3"]
[White "Vidal Palou, Jordi"]
[Black "Pujolar Vidal, Pol"]
[Result "1-0"]
[WhiteElo "1623"]
[BlackElo "1400"]
[PlyCount "41"]
[EventDate "2017.12.27"]
[EventType "swiss"]
[EventRounds "8"]
[EventCountry "ESP"]
[SourceTitle "CBM 182 Extra"]
[Source "ChessBase"]
[SourceDate "2018.02.23"]
[SourceVersion "1"]
[SourceVersionDate "2018.02.23"]
[SourceQuality "1"]

1. d4 d6 2. Bf4 b6 3. e3 Bb7 4. Nf3 Nd7 5. Bd3 g6 6. Nbd2 Bg7 7. 0-0 Nh6 8. Bxh6 Bxh6 9. Ne4 f5 10. Neg5 e5 11. Ne6 Qc8 12. Nfg5 Nf8 13. Bxf5 Nxe6 14. Bxe6 Qd8 15. f4 Bxg5 16. fxg5 Qxg5 17. Qe2 h5 18. d5 h4 19. Qf3 h3 20. Qf7+ Kd8 21. Qd7# 1-0